Digitální data v informačních systémech /

Další autoři: Voženílek, Vít, 1965-
Jazyk: Čeština
Vydáno: Vyškov : Antrim, c1996
Témata:
Fyzický popis: 138 s. : il., mapy ; 21 cm
Knihy
Uloženo v:
LEADER 01084nam a22003372a 4500
001 001684326
003 CZ BrMZK
005 20190530085239.0
007 ta
008 190523s1996 xr ab fr|||||||||||cze d
020 |q (Brož.) 
040 |a PND002  |b cze  |d BOA001 
072 7 |a 004.4/.6  |x Programování. Software  |2 Konspekt  |9 23 
080 |a 004.6  |2 MRF 
080 |a 004  |2 MRF 
080 |a 007+004  |2 MRF 
080 |a (082)  |2 MRF 
245 0 0 |a Digitální data v informačních systémech /  |c editor Vít Voženílek 
260 |a Vyškov :  |b Antrim,  |c c1996 
300 |a 138 s. :  |b il., mapy ;  |c 21 cm 
504 |a Obsahuje bibliografii 
650 0 7 |a data  |7 ph119329  |2 czenas 
650 0 7 |a digitalizace  |7 ph262178  |2 czenas 
650 0 7 |a informační systémy  |7 ph114774  |2 czenas 
653 0 |a digitální data 
655 7 |a sborníky  |7 fd163935  |2 czenas 
700 1 |a Voženílek, Vít,  |d 1965-  |7 jn20001227752  |4 edt 
910 |a BOA001  |b 2-1426.620 
990 |a BK 
991 |b 201905 
996 6 |b 2610784120  |c 2-1426.620  |l MZK  |r Sklad / do 1 hodiny  |n 1  |p dar  |w 001725881  |u 000010  |a 1  |e BOA001  |j MZK50  |s P